000 00476nam a2200181Ia 4500
001 9243
005 20260306160709.0
008 260306t2019||||xx |||||||||||||| ||spa||
041 _aESP
082 _a378.001
_bG51
100 _aGiusti, Miguel
_eAUT
245 0 _aEl conflicto de las facultades:
_bsobre la universidad y el sentido de las humanidades
260 _c2019
300 _a430 páginas :
_c24 cm.
650 _aGEN
654 _aCED
942 _cLIB
_dJUS
_fJUS
_2ddc
_n
999 _c9243
_d9243